| 000 | 00516nam a2200181 a 4500 | ||
|---|---|---|---|
| 005 | 20210219150551.0 | ||
| 008 | 991125s1967 mx 000 0 spa u | ||
| 035 | _aUPN01000016719 | ||
| 049 | _aSEP | ||
| 050 | 4 |
_aLB675.6 B37 _bL5.3 |
|
| 100 | 1 | _aLiguori Jiménez, Francisco | |
| 245 | 1 | 0 |
_aDr. Gabino Barreda / _cFrancisco Liguori Jiménez. |
| 260 |
_aMéxico : _bSEP, _c1967. |
||
| 300 | _a24 p. | ||
| 440 | 0 |
_aBiografías de educadores mexicanos ; _v1 |
|
| 600 | 1 | 4 |
_aBARREDA, GABINO, _d1818-1881 |
| 905 | _aLibro | ||
| 999 |
_c16719 _d16719 |
||